La correspondance des arts: elements d'esthetique comparee

Gorde:
Xehetasun bibliografikoak
Egile nagusia: Souriau, Étienne (Egilea)
Formatua: Liburua
Hizkuntza:frantsesa
Argitaratua: París Flammarion 1947
Saila:Bibiotheque de Philosophie Scientifique
Gaiak:
Etiketak: Etiketa erantsi
Etiketarik gabe, Izan zaitez lehena erregistro honi etiketa jartzen!

MARC

LEADER 00000nam a2200000 a 4500
001 UCP2958
003 CL-VaPUC
008 990604e19470000FR |||||||||||||||||fre|d
082 0 4 |a 701.17  |b SOU  |2 21 
100 0 |a Souriau, Étienne  |e author  |9 429995 
245 1 3 |a La correspondance des arts: elements d'esthetique comparee 
300 |a 280 p 
942 |c BK 
945 |d 19990604 00:00:00  |a lriquelm 
260 |a París  |b Flammarion  |c 1947 
650 0 |a Estética   |9 264950 
650 0 |a Teoría del arte  |9 387638 
650 0 |a Análisis comparativo  |9 388614 
650 0 |a Creación artística   |9 266215 
650 0 |a Bellas artes  |9 334299 
583 |a last modification  |c 19990604 00:00:00  |k Rodrigo Vera 
490 0 |a Bibiotheque de Philosophie Scientifique 
999 |c 281414  |d 281412 
952 |0 0  |1 0  |4 0  |6 701_170000000000000_SOU_1947  |7 0  |8 X  |9 322147  |a BIBHIS  |b BIBHIS  |d 2019-11-20  |i 1361325  |o 701.17 SOU 1947  |p 1361325  |r 2024-01-30  |w 2019-11-20  |y BK_X  |k HIS